000 00372nam a2200169Ia 4500
001 12203
005 20250626030259.0
008 211022s9999 xx 000 0 und d
082 _a900 KHA
100 _aKhan, Mubarak Ali
245 0 _aLearning from the history
260 _aLahore
260 _bTarikh Publications
260 _c2014
300 _a304
942 _cBK
999 _c9784
_d9784